Statistics for The Office - Jim and Pam's Story

Click here to take the quiz!

General Stats

  • This quiz has been taken 222 times
  • The average score is 16 of 36

Answer Stats

Question Answer % Correct
Who is the first person that Jim confides in about his crush on Pam?Michael
84%
During which company event does Jim confess his love to Pam?Casino Night
77%
Jim and Pam’s first prank on his return to Scranton revolves around Dwight being recruited by the?CIA
74%
Where does Jim propose to pam?Gas Station
72%
During which company event do Jim and Pam share their first kiss?The Dundies
70%
Excluding the yearbook photo/card, name one other item that Jim puts in the Christmas teapot for PamCassette, hot sauce packet, pencil
69%
What is the name of Jim and Pam’s first child?Cecelia
69%
Jim - “Not enough for me..? You are ___ to me”Everything
67%
During which Company event do Jim and Pam find out they're pregnant?Company Picnic
65%
What is Jim doing the first time he fake proposes to Pam?Tying his shoe
63%
What is the name of Jim and Pam’s second child?Philip
62%
After Jim moves to Stamford, how do he and Pam first reconnect?Telephone
60%
How long after Jim and Pam start dating does Jim purchase Pam's engagement ring?One week
57%
What does Pam handmake for Jim one Christmas?Comic Book - The Adventures of Jimmy Halpert
56%
Where do Jim and Pam get married?Niagara Falls
56%
During the first 'date' on the rooftop, what meal does Jim cook for Pam?Grilled Cheese Sandwich
55%
What new venture does Jim keep secret from Pam?Athlead
55%
What does Jim do to calm Pam down about her veil tearing?Cuts his own tie
54%
What refrigerated item surrounds the story of the moment that Pam first realised she liked Jim?Expired Yoghurt
51%
What was Pam in the middle of doing when Jim interrupts to ask her out for dinner?Interview
49%
On Jim’s list; Pam, Cece, New baby were on one side, what was on the other?Everything else
44%
Where does Jim plan to take a holiday to in order to avoid Pam's wedding?Australia
40%
Name either the artist or the song that was playing as Pam and the office staff walked down the aisle?Forever - Chris Brown
36%
During the following narration, what is occurring in the episode? “Love never fails. And now these three remain; faith, hope and love, but the greatest of these, is love”Jim and Pam embrace and kiss - reconnecting after months of disconnect
32%
Who first uncovers that Jim and Pam are dating?The Camera Crew
31%
What does Pam do just before confessing her feelings for Jim?The Coal Walk
26%
How do the rest of the Office find out that Jim and Pam are dating?Toby's PDA Memo
22%
What grand gesture does Pam do for Jim in the very final episode?Sells their house
20%
Where do Jim and Pam spend their first night away together?Dwight’s Beet farm
18%
What event leads to Jim remarking "Not a bad day"Pam sleeping on Jim's Shoulder
17%
What is the grand gesture of love that Jim does secretly for Pam?Buys his parents house
16%
What do Jim and Pam do together that leads to Pam remarking “It was a good day… I don’t know.. it was a good day”?Shopping
15%
The first prank that Jim and Pam play on Dwight took place when he was choosing the companies?Health Care Plan
13%
What does Jim say to Pam’s dad that prompts her parents divorce?Just how much he loves her
9%
When Jim and Pam are having dinner after her interview in Philadelphia, what does Pam confess to Jim?She's not sure if she wants 'this'
6%
How did Pam know that Jim really wanted to elope with her?She had just woken up - was not looking cute
1%

Score Distribution

Percentile by Number Answered

Percent of People with Each Score

Your Score History

You have not taken this quiz